000 00625nab a2200193 4500
001 244442
003 OSt
005 20260223100330.0
007 tu
008 260223s2020|||||||
040 _aDE-2950
_cDE-2950
245 0 0 _aMusikschüler räumen bei "Jugend musiziert" ab
_bWettbewerb. Elf 'Talente der Frankfurter Musikschule wurden beim Regionalwettbewerb in Prenzlau ausgezeichnet/
_cred
264 _c2025
653 _aFrankfurt (Oder)
653 _a"Jugend musiziert"
653 _aPreisträger
773 0 _g37. Jahrgang (2026) Nr. 43 vom 20.02.2026 , S. 17 mit Fotos
_tMärkische Oderzeitung
942 _2z
_cA
999 _c374311
_d374311